[Event "ROM-ch Amateurs"]
[Site "Sebes"]
[Date "2023.02.22"]
[Round "2"]
[White "Lacatusi, Andrei"]
[Black "Iustin, Silviu"]
[Result "1-0"]
[WhiteElo "1645"]
[BlackElo "2085"]
[PlyCount "67"]
[EventDate "2023.02.21"]
[EventType "swiss"]
[EventRounds "9"]
[EventCountry "ROU"]
[SourceTitle "CBM 213 Extra"]
[Source "ChessBase"]
[SourceDate "2023.05.31"]
[SourceVersion "1"]
[SourceVersionDate "2023.05.31"]
[SourceQuality "1"]

1. d4 Nf6 2. Bg5 c5 3. d5 Ne4 4. Bf4 Qb6 5. Qc1 d6 6. f3 Nf6 7. Nc3 g6 8. e4 Bg7 9. Bb5+ Nbd7 10. a4 0-0 11. Nge2 Nh5 12. Bg5 e6 13. Qd2 e5 14. g4 Nf4 15. 0-0-0 a6 16. Bc4 Qb4 17. Ba2 Re8 18. h4 b5 19. axb5 axb5 20. h5 f6 21. Nxf4 exf4 22. Bxf4 Ne5 23. Bxe5 Rxe5 24. hxg6 hxg6 25. Qh2 Qa5 26. Bb1 c4 27. Qh7+ Kf8 28. f4 Re8 29. Qxg6 b4 30. Rh7 Ra7 31. Rdh1 Rf7 32. Rxg7 Rxg7 33. Rh8+ Ke7 34. Qxe8# 1-0

[Event "ROM-ch U14"]
[Site "Calimanesti"]
[Date "2015.03.30"]
[Round "1"]
[White "Ciorgovean, Iustin"]
[Black "Lacatusi, Andrei"]
[Result "1-0"]
[WhiteElo "1729"]
[BlackElo "1392"]
[PlyCount "63"]
[EventDate "2015.03.30"]
[EventType "swiss"]
[EventRounds "9"]
[EventCountry "ROU"]
[SourceTitle "CBM 165 Extra"]
[Source "ChessBase"]
[SourceDate "2015.04.21"]
[SourceVersion "1"]
[SourceVersionDate "2015.04.21"]
[SourceQuality "1"]

1. d4 Nf6 2. c4 e6 3. g3 d5 4. Nf3 Nc6 5. Bg2 b6 6. 0-0 Bb7 7. Qa4 Qd7 8. Nc3 Bd6 9. Nb5 a6 10. Nxd6+ cxd6 11. Bd2 0-0 12. Rfc1 Nxd4 13. Qxd7 Nxf3+ 14. Bxf3 Nxd7 15. cxd5 Rac8 16. dxe6 Bxf3 17. Rxc8 Rxc8 18. exd7 Rd8 19. exf3 Rxd7 20. Rc1 h6 21. Be3 b5 22. Kf1 d5 23. Bd4 Rd6 24. Ke2 f6 25. Kd3 Kf7 26. Rc7+ Kg6 27. h4 Kh7 28. g4 Kg6 29. f4 h5 30. f5+ Kh7 31. g5 fxg5 32. Rxg7+ 1-0